书目信息 |
| 题名: |
学业规划
|
|
| 作者: | 张恒亮 编著 | |
| 分册: | ||
| 出版信息: | 成都 电子科技大学出版社 2004 |
|
| 页数: | 374页 | |
| 开本: | 21cm | |
| 丛书名: | 成才必读丛书 | |
| 单 册: | ||
| 中图分类: | G637.3 | |
| 科图分类: | ||
| 主题词: | 中学生--职业选择 , 中学生 , 职业选择 | |
| 电子资源: | ||
| ISBN: | 7-81094-647-1 | |
| 000 | 00923oam2 2200289 45 | |
| 001 | 0120066006391 | |
| 005 | 20070106085932.31 | |
| 010 | @a7-81094-647-1@dCNY47.00 | |
| 092 | @aCN@b496059 | |
| 100 | @a20060612e20052004em y0chiy0120 ea | |
| 101 | 0 | @achi |
| 102 | @aCN@b510000 | |
| 105 | @ay z 000yy | |
| 200 | 1 | @a学业规划@9xue ye gui hua@e筹划未来@f张恒亮编著 |
| 210 | @a成都@c电子科技大学出版社@d2004@h2005重印 | |
| 215 | @a374页@d21cm | |
| 225 | 2 | @a成才必读丛书 |
| 330 | @a本书作者通过对大学生就业难的现象深入考察和剖析,从人生发展战略规划的高度指出了其中的个人根源,并对后来者如何避免着一困境提出了自己的建议和主张。 | |
| 461 | 0 | @12001 @a成才必读丛书 |
| 517 | 1 | @a筹划未来@9chou hua wei lai |
| 606 | 0 | @a中学生@x职业选择 |
| 606 | 0 | @a中学生 |
| 606 | 0 | @a职业选择 |
| 690 | @aG637.3@v4 | |
| 701 | 0 | @a张恒亮@9zhang heng liang@4编著 |
| 801 | 0 | @aCN@bLZJBOOK@c20070106 |
| 905 | @a10447@dG637.3@e700 | |
| 学业规划:筹划未来/张恒亮编著.-成都:电子科技大学出版社,2004(2005重印) |
| 374页;21cm.-(成才必读丛书) |
| ISBN 7-81094-647-1:CNY47.00 |
| 本书作者通过对大学生就业难的现象深入考察和剖析,从人生发展战略规划的高度指出了其中的个人根源,并对后来者如何避免着一困境提出了自己的建议和主张。 |
| ● |
| 相关链接 |
|
|
|
|
正题名:学业规划
索取号:G637.3/700
 
预约/预借
| 序号 | 登录号 | 条形码 | 馆藏地/架位号 | 状态 | 备注 |
| 1 | 0557164 | 205571647 | 第一样本阅览室/ [索取号:G637.3/700] | 在馆 | |
| 2 | 0557165 | 205571656 | 第四借阅区/ [索取号:G637.3/700] | 在馆 | |
| 3 | 0557166 | 205571665 | 密集书库/ [索取号:G637.3/700] | 在馆 | |
| 4 | 0557167 | 205571674 | 第四借阅区/ [索取号:G637.3/700] | 在馆 | |
| 5 | 0557168 | 205571683 | 第四借阅区/ [索取号:G637.3/700] | 在馆 | |
| 6 | 0557169 | 205571692 | 密集书库/ [索取号:G637.3/700] | 在馆 | |
| 7 | 0557170 | 205571709 | 密集书库/ [索取号:G637.3/700] | 在馆 | |
| 8 | 0557171 | 205571718 | 第四借阅区/ [索取号:G637.3/700] | 在馆 |